Ramona and her mother / (Record no. 21234)
[ view plain ]
| 000 -LEADER | |
|---|---|
| fixed length control field | 03317nam a22004217a 4500 |
| 005 - DATE AND TIME OF LATEST TRANSACTION | |
| control field | 20090119114350.0 |
| 008 - FIXED-LENGTH DATA ELEMENTS--GENERAL INFORMATION | |
| fixed length control field | 090119t xxu||||| |||| 00| 0 eng d |
| 010 ## - LCCN (DPL NO) | |
| LC control number | B-357764 |
| 020 ## - INTERNATIONAL STANDARD BOOK NUMBER | |
| International Standard Book Number | 9780380709526 |
| Terms of availability | 154.80 |
| 020 ## - INTERNATIONAL STANDARD BOOK NUMBER | |
| International Standard Book Number | 038070952X |
| Terms of availability | 154.80 |
| 035 ## - SYSTEM CONTROL NUMBER | |
| System control number | B-357764 |
| 035 ## - SYSTEM CONTROL NUMBER | |
| System control number | B-345637-648 |
| 037 ## - SOURCE OF ACQUISITION | |
| Source of stock number/acquisition | Tarun Books (vendor) |
| 040 ## - CATALOGING SOURCE | |
| Original cataloging agency | dpl |
| Language of cataloging | English |
| 082 ## - DEWEY DECIMAL CLASSIFICATION NUMBER | |
| Classification number | S |
| 100 ## - MAIN ENTRY--PERSONAL NAME | |
| Personal name | Cleary, Beverly |
| 245 ## - TITLE STATEMENT | |
| Title | Ramona and her mother / |
| Statement of responsibility, etc | by Beverly Clearly; illustrated by Tracy Dockray |
| 260 ## - PUBLICATION, DISTRIBUTION, ETC. (IMPRINT) | |
| Place of publication, distribution, etc | New York |
| Name of publisher, distributor, etc | Harper Collins Publishers |
| Date of publication, distribution, etc | 2006 |
| 270 ## - ADDRESS | |
| Address | 1350 Avenue of the Americas |
| City | New York |
| Postal code | NY 10019 |
| 300 ## - PHYSICAL DESCRIPTION | |
| Extent | 190,19p.: |
| Other physical details | ill. |
| Dimensions | 20cm(pbk) |
| 700 ## - ADDED ENTRY--PERSONAL NAME | |
| Personal name | Dockray, Tracy |
| 942 ## - ADDED ENTRY ELEMENTS (KOHA) | |
| Source of classification or shelving scheme | Dewey Decimal Classification |
| Item type | Children Books |
| Classification part | S |
| Call number suffix | CLE |
| Withdrawn status | Lost status | Source of classification or shelving scheme | Damaged status | Not for loan | Collection code | Home library | Current library | Date acquired | Source of acquisition | Cost, normal purchase price | Total Checkouts | Full call number | Barcode | Date last seen | Copy number | Cost, replacement price | Koha item type | Total Renewals |
|---|---|---|---|---|---|---|---|---|---|---|---|---|---|---|---|---|---|---|
| Dewey Decimal Classification | Fiction | Bagh Kadhe Khan | Bagh Kadhe Khan | 16/10/2009 | Tarun Books/3947/21.5.09/13/23.4.09/4.7.09 | 154.80 | S CLE | B-345646 | 16/10/2009 | 1 | 154.80 | Children Books | ||||||
| Dewey Decimal Classification | Fiction | Bawana | Bawana | 16/10/2009 | Tarun Books/3947/21.5.09/13/23.4.09/4.7.09 | 154.80 | 1 | S CLE | B-345645 | 04/10/2023 | 1 | 154.80 | Children Books | |||||
| Dewey Decimal Classification | Fiction | Central Library | Central Library | 16/10/2009 | Tarun Books/3947/21.5.09/13/23.4.09/4.7.09 | 154.80 | 1 | S CLE | B-345640 | 10/01/2022 | 1 | 154.80 | Children Books | |||||
| Dewey Decimal Classification | Fiction | Janak Puri | Janak Puri | 18/09/2009 | Tarun Books/4121/9.9.09/89/2.9.09/11.9.09 | 154.80 | 25 | S CLE | B-357764 | 15/01/2019 | 1 | 154.80 | Children Books | |||||
| Dewey Decimal Classification | Fiction | Kasturba Gandhi Marg | Kasturba Gandhi Marg | 16/10/2009 | Tarun Books/3947/21.5.09/13/23.4.09/4.7.09 | 154.80 | 1 | S CLE | B-345642 | 05/01/2024 | 1 | 154.80 | Children Books | |||||
| Dewey Decimal Classification | Fiction | Mobile Library | Mobile Library | 16/10/2009 | Tarun Books/3947/21.5.09/13/23.4.09/4.7.09 | 154.80 | S CLE | B-345637 | 16/10/2009 | 2 | 154.80 | Children Books | ||||||
| Dewey Decimal Classification | Fiction | Mobile Library | Mobile Library | 16/10/2009 | Tarun Books/3947/21.5.09/13/23.4.09/4.7.09 | 154.80 | S CLE | B-345638 | 16/10/2009 | 2 | 154.80 | Children Books | ||||||
| Dewey Decimal Classification | Fiction | Narela | Narela | 16/10/2009 | Tarun Books/3947/21.5.09/13/23.4.09/4.7.09 | 154.80 | S CLE | B-345647 | 16/10/2009 | 1 | 154.80 | Children Books | ||||||
| Dewey Decimal Classification | Fiction | New Police Line | New Police Line | 16/10/2009 | Tarun Books/3947/21.5.09/13/23.4.09/4.7.09 | 154.80 | S CLE | B-345639 | 16/10/2009 | 1 | 154.80 | Children Books | ||||||
| Dewey Decimal Classification | Fiction | Patel Nagar | Patel Nagar | 16/10/2009 | Tarun Books/3947/21.5.09/13/23.4.09/4.7.09 | 154.80 | S CLE | B-345641 | 16/10/2009 | 1 | 154.80 | Children Books | ||||||
| Written off | Written-off vide DLB M. No. 388 dt 23.02.22 | Dewey Decimal Classification | Fiction | Peshwa Road | Peshwa Road | 16/10/2009 | Tarun Books/3947/21.5.09/13/23.4.09/4.7.09 | 154.80 | S CLE | B-345643 | 16/10/2009 | 1 | 154.80 | Children Books | ||||
| Dewey Decimal Classification | Fiction | Sarojini Nagar | Sarojini Nagar | 16/10/2009 | Tarun Books/3947/21.5.09/13/23.4.09/4.7.09 | 154.80 | S CLE | B-345644 | 16/10/2009 | 1 | 154.80 | Children Books | ||||||
| Dewey Decimal Classification | Fiction | Shahdara Branch | Shahdara Branch | 16/10/2009 | Tarun Books/3947/21.5.09/13/23.4.09/4.7.09 | 154.80 | 1 | S CLE | B-345648 | 26/05/2023 | 1 | 154.80 | Children Books | 1 |
